000 00310nam a2200133Ia 4500
008 191201s2007 xx 000 0 und d
082 _a658.8
_bAPI
100 _aAPTE, P.G.
245 0 _aInternational Financial Management
260 _aN.Delhi
_bTMH
_c2007
300 _a655
650 _aMBA
942 _2ddc
_cBK
999 _c3518
_d3518